| 000 | 00707cam a22002055i 4500 | ||
|---|---|---|---|
| 001 | 161844 | ||
| 003 | ES-MaACL | ||
| 005 | 20250804062624.0 | ||
| 008 | 950206m18781879sp |||| | spa d | ||
| 040 |
_aGA _bspa _cCCPB | PA2 _dCCPB | CN |
||
| 100 | 1 |
_aPérez Galdós, Benito, _d1843-1920 _990871 |
|
| 245 | 1 | 3 |
_aLa familia de León Roch / _cpor B. Pérez Galdós. |
| 250 | _a2ª ed. | ||
| 260 |
_aMadrid : _b[s.n.], _c1878-1879 ( _fImprenta y Litografía de La Guirnalda) |
||
| 300 |
_a3 v. ; _c19 cm. |
||
| 597 | 1 | _aParte I (239 p.) -- parte II (255 p.) -- parte III (268 p.) | |
| 752 |
_aEspaña - _dMadrid |
||
| 852 |
_aES-MaACL _jB-5779-5781 _z-- Enc. pasta española |
||
| 999 |
_c161844 _d161844 |
||